[Event "Canadian op"]
[Site "Toronto"]
[Date "1976.08.03"]
[Round "5"]
[White "Das, Urmila"]
[Black "Brodie, Hugh"]
[Result "0-1"]
[WhiteElo "1400"]
[BlackElo "1881"]
[PlyCount "90"]
[EventDate "1976.08.31"]
[EventType "tourn"]
[EventRounds "10"]
[EventCountry "CAN"]
[SourceTitle "EXT 2022"]
[Source "ChessBase"]
[SourceDate "2021.10.06"]
[SourceVersion "1"]
[SourceVersionDate "2021.10.06"]
[SourceQuality "1"]

1. e4 c5 2. Nf3 Nc6 3. d4 cxd4 4. Nxd4 Nf6 5. Nc3 g6 6. g3 Bg7 7. Bg2 0-0 8. 0-0 d6 9. Nb3 Be6 10. Nd5 Qd7 11. c3 Bh3 12. Nxf6+ Bxf6 13. Nd4 Bxg2 14. Kxg2 Rab8 15. f4 b5 16. Qd3 b4 17. Bd2 a5 18. Rac1 Nxd4 19. cxd4 Rfc8 20. a3 bxa3 21. Rxc8+ Qxc8 22. bxa3 Rb2 23. e5 dxe5 24. dxe5 Bg7 25. Rf2 e6 26. Qc3 Qb7+ 27. Kg1 a4 28. Bc1 Rb3 29. Qd4 Bf8 30. Rb2 Qc6 31. Qd1 Bc5+ 32. Rf2 Bxf2+ 33. Kxf2 Qc5+ 34. Ke2 Qc4+ 35. Ke1 Rd3 36. Bd2 Rxa3 37. Qc1 Qxc1+ 38. Bxc1 Rb3 39. Kd2 Kf8 40. Kc2 Ke8 41. Bb2 Kd7 42. Bc3 Kc6 43. g4 Kd5 44. h4 Kc4 45. Ba1 a3 0-1